this quiz is so easy its hard - Statistics

General Stats
  • This quiz has been taken 2,354 times
  • The average score is 6 of 6
Answer Stats
Hint Answer % Correct
how many eyes do you have? 2
100%
how many hands do you have? 2
100%
what does 2+2=? 4
100%
how many fingers are on your left hand? 5
100%
how many toes and fingers do you have? 20
99%
what letters missing: abcdefghijklmnoqrstuvwxyz p
98%
No matching quizzes found
Score Distribution
Percent of People with Each Score
Percentile by Number Answered
Your Score History
You have not taken this quiz